| 000 | 00590nam a2200181Ia 4500 | ||
|---|---|---|---|
| 001 | 5136 | ||
| 005 | 20260306145846.0 | ||
| 008 | 260306t2023||||xx |||||||||||||| ||spa|| | ||
| 041 | _aESP | ||
| 082 |
_a333.91 _bM61 |
||
| 110 | _aMinisterio de Desarrollo Agrario y Riego | ||
| 245 | 0 |
_aReporte N° 01. Inversiones en recursos hídricos : _bsistematización de datos del Sistema de Seguimiento para la Implementación del Plan Nacional de Recursos Hídricos (SSI-PNRH) |
|
| 260 | _c2023 | ||
| 300 |
_a97 páginas : _c30 cm. |
||
| 650 | _aGEN | ||
| 654 | _aCAN | ||
| 942 |
_cLIB _dJUS _fJUS _2ddc _n |
||
| 999 |
_c5136 _d5136 |
||